The Berenstain Bears' : (Record no. 5837)

MARC details
000 -LEADER
fixed length control field 01065nam a22003137a 4500
001 - CONTROL NUMBER
control field 5837
003 - CONTROL NUMBER IDENTIFIER
control field FISKH
005 - DATE AND TIME OF LATEST TRANSACTION
control field 20250131121623.0
008 - FIXED-LENGTH DATA ELEMENTS--GENERAL INFORMATION
fixed length control field 250124b cb ||||| |||| 00| 0 eng d
020 ## - INTERNATIONAL STANDARD BOOK NUMBER
International Standard Book Number 9780062075444
040 ## - CATALOGING SOURCE
Original cataloging agency FISKH
Language of cataloging eng
Transcribing agency FISKH
Modifying agency FISKH
050 ## - LIBRARY OF CONGRESS CALL NUMBER
Classification number PZ7.B44827
082 ## - DEWEY DECIMAL CLASSIFICATION NUMBER
Classification number 446
100 ## - MAIN ENTRY--PERSONAL NAME
Personal name Berenstain, Mike
Dates associated with a name (1951-)
245 ## - TITLE STATEMENT
Title The Berenstain Bears' :
Remainder of title Lemonade stand /
Statement of responsibility, etc. Mike Berenstain ; Based on the characters created by stan and Jan Berenstain
250 ## - EDITION STATEMENT
Edition statement This edition is published in 2014
260 ## - PUBLICATION, DISTRIBUTION, ETC.
Place of publication, distribution, etc. New York :
Name of publisher, distributor, etc. Harper,
Date of publication, distribution, etc. 2014.
300 ## - PHYSICAL DESCRIPTION
Extent 32 pages :
Other physical details color illustrations ;
Dimensions 23 cm
490 ## - SERIES STATEMENT
Series statement I can read!
Volume/sequential designation Beginning reading 1
505 ## - FORMATTED CONTENTS NOTE
Formatted contents note G<br/>
520 ## - SUMMARY, ETC.
Summary, etc. After enjoying their mother's lemonade, Brother, Sister and Honey Bear decide to start up a lemonade stand to sell it to the neighborhood.
521 8# - TARGET AUDIENCE NOTE
Target audience note 310<br/>
Source Lexile<br/>
521 8# - TARGET AUDIENCE NOTE
Target audience note G<br/>
Source Raz-Plus<br/>
650 ## - SUBJECT ADDED ENTRY--TOPICAL TERM
Source of heading or term Summer
Topical term or geographic name entry element Lemonade
650 ## - SUBJECT ADDED ENTRY--TOPICAL TERM
Source of heading or term Bears
Topical term or geographic name entry element Beginning
700 ## - ADDED ENTRY--PERSONAL NAME
Personal name Barenstain, Mike
Dates associated with a name illustrator
942 ## - ADDED ENTRY ELEMENTS (KOHA)
Source of classification or shelving scheme Dewey Decimal Classification
Koha item type Books
Suppress in OPAC No
Holdings
Withdrawn status Lost status Source of classification or shelving scheme Damaged status Not for loan Collection Home library Current library Shelving location Date acquired Total Checkouts Full call number Barcode Date last seen Copy number Price effective from Koha item type
    Dewey Decimal Classification     Juvenile Fiction Footprints International School Library Network Toul Kork Campus Footprints International School Library Network Toul Kork Campus TK Primary Library Room(4th Floor), Bookcase 7, Shelves 57-60, Dark Green Books 01/24/2025   BER 446 PZ7.B44827 2025-0085 01/24/2025 1 01/24/2025 Books